Uvádzajúci pedagogický zamestnanec

V príspevku objasňujeme pozíciu uvádzajúceho pedagogického zamestnanca, resp. odborného zamestnanca. Venujeme sa kompetenčnému profilu uvádzajúcich zamestnancov, ktorý definuje požadované vedomosti, spôsobilosti a preukázanie ich kompetencií v troch oblastiach: začínajúci pedagogický zamestnanec, pe...

Description complète

Enregistré dans:
Détails bibliographiques
Auteur principal: Matulová Juríková, Zdenka
Format: Chapitre de livre
Langue:slovaque
Sujets:
Tags: Ajouter un tag
Pas de tags, Soyez le premier à ajouter un tag!

MARC

LEADER 00000naa a2200000 4500
001 0292704
005 20240417075238.2
041 0 |a slo 
044 |a SK 
245 1 0 |a Uvádzajúci pedagogický zamestnanec  |c Zdenka Matulová Juríková 
520 |a V príspevku objasňujeme pozíciu uvádzajúceho pedagogického zamestnanca, resp. odborného zamestnanca. Venujeme sa kompetenčnému profilu uvádzajúcich zamestnancov, ktorý definuje požadované vedomosti, spôsobilosti a preukázanie ich kompetencií v troch oblastiach: začínajúci pedagogický zamestnanec, pedagogický proces a profesijný rozvoj. 
610 2 0 |a pedagogika 
610 2 0 |a zamestnanci 
610 2 0 |a kompetencie 
610 2 0 |a rozvoj profesijný 
610 2 0 |a adaptácia 
100 1 |a Matulová Juríková, Zdenka